000 00529nam a2200181 4500
001 116034
003 ES-MaACL
007 t|
008 061121s1953 sp r ||||1| spa d
100 1 _aOrtoll, María Mercedes.
_987668
245 1 3 _aEl hombre de su destino
_b: novela /
_cMaría Mercedes Ortoll.
260 _aBarcelona :
_bJuventud,
_c1953.
300 _a192 p. ;
_c19.
490 1 _aColección `juventud`
830 0 _aColección `juventud`
_9233291
852 _aES-MaACL
_jC-6929
_bR.35357
999 _c116034
_d116034